000 00774nas a2200265 4500
001 BR0002101
003 BR-BrBNA
005 20231205101825.0
007 ta
008 230509b bl.|||p| |||| 00| 00por d
040 _aBR-BrBNA
_bpor
_cBiblioteca Nacional de Agricultura
041 _a(Pt)
072 _aK50
100 1 _aNunes, W.H.
100 1 _aAndrade, A.M. de
100 1 _aBrito, E.O.
245 1 _aProducao de chapas de particulas do estipe de Euterpe edulis Martius (palmiteiro)
650 _aAcai
650 _aChapa de Particulas
650 _aAdesivo
650 _aGranulometria
773 0 _tFloresta e Ambiente (Brazil)
_xISSN 1415-0980
_g(1999), v. 6(1) p. 95-105
_wBR0002101
909 _a202311
_bLúcia
_c55
_dLúcia Elande
942 _2AGRIS
_n0
_cANA
999 _c164156
_d164156